Sports Quiz

Random Sports or NFL Quiz

NFL Top 100 Players of 2017 Quiz Stats

 Plays Quiz not verified by Sporcle

Challenge
Share
Tweet
Embed
Score 0/100 Timer 10:00
0 Plays Today
Team (Rank) NFL Athlete % Correct
Falcons (WR)Julio Jones
97.9%
Patriots (QB)Tom Brady
97.4%
Broncos (LB)Von Miller
96.2%
Steelers (WR)Antonio Brown
96.2%
Packers (QB)Aaron Rodgers
95.7%
Cowboys (RB)Ezekiel Elliott
94%
Cardinals (LB)Chandler Jones
93.6%
Steelers (RB)Le'veon Bell
92.8%
Falcons (QB)Matt Ryan
92.8%
Raiders (QB)Derek Carr
92.8%
Raiders (DE)Khalil Mack
91.9%
Giants (WR)Odell Beckham Jr
91.1%
Cowboys (QB)Dak Prescott
91.1%
Saints (QB)Drew Brees
90.6%
Bengals (WR)AJ Green
90.6%
Cardinals (RB)David Johnson
89.8%
Seahawks (QB)Russell Wilson
89.4%
Texans (DE)JJ Watt
89.4%
Chiefs (S)Eric Berry
88.9%
Cowboys (OT)Tyron Smith
88.9%
Cardinals (CB)Patrick Peterson
88.5%
Patriots (TE)Rob Gronkowski
88.5%
Vikings (S)Harrison Smith
88.5%
Seahawks (CB)Richard Sherman
88.1%
Buccaneers (WR)Mike Evans
88.1%
Chiefs (QB)Alex Smith
88.1%
Bills (RB)LeSean McCoy
87.7%
Lions (QB)Matthew Stafford
87.7%
Vikings/Saints (RB)Adrian Peterson
87.7%
Seahawks (S)Earl Thomas
87.2%
Buccaneers (DT)Gerald McCoy
87.2%
Browns (OT)Joe Thomas
86.8%
Panthers (QB)Cam Newton
86.4%
Packers (WR)Jordy Nelson
86%
Team (Rank) NFL Athlete % Correct
Steelers (QB)Ben Roethlisberger
85.5%
Titans (RB)DeMarco Murray
85.5%
Colts (QB)Andrew Luck
85.5%
Chiefs (TE)Travis Kelce
84.7%
Falcons (RB)Devonta Freeman
83.8%
Titans (QB)Marcus Mariota
83.8%
Rams (DT)Aaron Donald
83.4%
Panthers (LB)Luke Kuechly
83%
Cardinals (WR)Larry Fitzgerald
82.1%
Dolphins (WR)Jarvis Landry
81.7%
Cowboys (WR)Dez Bryant
81.3%
Redskins (QB)Kirk Cousins
81.3%
Chiefs (CB)Marcus Peters
80.9%
Buccaneers (QB)Jameis Winston
80.4%
Raiders (WR)Amari Cooper
80%
Colts (WR)TY Hilton
80%
Seahawks (S)Kam Chancellor
79.6%
Broncos (CB)Aqib Talib
79.6%
Patriots (WR)Julian Edelman
79.6%
Chiefs (WR)Tyreek Hill
78.7%
Panthers (TE)Greg Olsen
78.3%
Chargers (QB)Phillip Rivers
77.9%
Texans (DE)Jadeveon Clowney
77.4%
Dolphins (DT)Ndamukong Suh
76.6%
Redskins (TE)Jordan Reed
75.7%
Patriots/Eagles (RB)LeGarrette Blount
74%
Broncos (CB)Chris Harris Jr
73.6%
Dolphins (RB)Jay Ajayi
73.6%
Seahawks (DE)Michael Bennett
73.2%
Redskins (CB)Josh Norman
73.2%
Packers (LB)Clay Matthews
72.3%
Giants (S)Landon Collins
71.5%
Seahawks (WR)Doug Baldwin
71.5%
Titans (TE)Delanie Walker
70.2%
Team (Rank) NFL Athlete % Correct
Seahawks (LB)Bobby Wagner
69.4%
Patriots (CB)Malcolm Butler
67.7%
Chargers (DE)Joey Bosa
66.8%
Eagles (DT)Fletcher Cox
66.4%
Redskins (OT)Trent Williams
66%
Chiefs (LB)Justin Houston
66%
Packers (S)Ha Ha Clinton-Dix
66%
Cowboys (LB)Sean Lee
65.1%
Panthers (LB)Thomas Davis
64.7%
Cowboys (OG)Zach Martin
63.4%
Dolphins (DE)Cameron Wake
63%
Eagles (S)Malcolm Jenkins
63%
Giants (CB)Janoris Jenkins
62.6%
Ravens (OG)Marshall Yanda
61.7%
Bengals (DT)Geno Atkins
60.4%
Falcons (DE)Vic Beasley
59.6%
Vikings (CB)Xavier Rhodes
58.3%
Patriots (LB)Dont'a Hightower
56.6%
Seahawks (DE)Cliff Avril
55.7%
Cardinals/Jaguars (DE)Calias Campbell
52.3%
Cowboys (C)Travis Frederick
50.6%
Chargers (CB)Casey Hayward
46.4%
Steelers (OG)David DeCastro
45.1%
Titans (OT)Taylor Lewan
44.7%
Giants (DT)Damon Harrison
44.3%
Packers (DT)Mike Daniels
38.7%
Eagles (DE)Brandon Graham
38.3%
Vikings (DE)Everson Griffen
37.9%
Titans (LB)Brian Orakpo
37.4%
Raiders (OG)Kelechi Osemele
37.4%
Titans (DT)Jurrell Casey
37%
Bills (LB)Lorenzo Alexander
35.7%

You're not logged in!

Compare scores with friends on all Sporcle quizzes.
Join for Free
OR
Log In

You Might Also Like...

Show Comments

Extras

Top Quizzes Today


Score Distribution

Your Account Isn't Verified!

In order to create a playlist on Sporcle, you need to verify the email address you used during registration. Go to your Sporcle Settings to finish the process.

Report this User

Report this user for behavior that violates our Community Guidelines.

Details: